书目信息 |
| 题名: |
英语
|
|
| 作者: | 陈琳 主编 | |
| 分册: | 3 | |
| 出版信息: | 北京 人民教育出版社 1980-1982 |
|
| 页数: | 4册 | |
| 开本: | 19cm | |
| 丛书名: | ||
| 单 册: | ||
| 中图分类: | H31 | |
| 科图分类: | ||
| 主题词: | 英语--广播电视教育--教材 | |
| 电子资源: | ||
| ISBN: | 9012.064(1) | |
| 000 | 00721nam0 2200277 450 | |
| 001 | 0180004547 | |
| 005 | 20100712215802.0 | |
| 010 | @a9012.064(1)@dCNY0.75 | |
| 091 | @a9012.064(1) | |
| 091 | @a9012.076(2) | |
| 091 | @a9012.0102(3) | |
| 091 | @a9012.0132(4) | |
| 100 | @a19950606f19801982em y0chiy0110 ea | |
| 101 | 0 | @achi@aeng |
| 102 | @aCN@b110000 | |
| 105 | @ay z 000yy | |
| 106 | @ar | |
| 200 | 1 | @a英语@f陈琳主编@h3 |
| 210 | @a北京@c人民教育出版社@d1980-1982 | |
| 215 | @a4册@d19cm | |
| 300 | @a广播电视外语讲座试用教材 | |
| 606 | 0 | @a英语@x广播电视教育@x教材 |
| 690 | @aH31@v3 | |
| 701 | 0 | @a陈琳@9chen lin@f(1923~)@4主编 |
| 801 | 0 | @aCN@bAzMarc@c20130904 |
| 905 | @aBZT@dH31@e1:3@f1@sH31/1:3 | |
| 英语/陈琳主编.3 .-北京:人民教育出版社,1980-1982 |
| 4册;19cm |
| 广播电视外语讲座试用教材 |
| ISBN 9012.064(1):CNY0.75 |
| ● |
| 相关链接 |
|
|
|
正题名:英语
索取号:H31/1:3
 
预约/预借
| 序号 | 登录号 | 条形码 | 馆藏地/架位号 | 状态 | 备注 |
| 1 | 2000118343 | 2000118343 | 旧书回溯/ [索取号:H31/1:3] | 在馆 |